000 00390nam a2200157Ia 4500
999 _c31287
_d31287
003 OSt
005 20250707164134.0
008 250310s9999||||xx |||||||||||||| ||und||
040 _c.
082 _a823
_bR632
100 _95978
_aRobbins, Harold
245 0 _aA stone for danny fisher /
_cHarold Robbins
260 _aNew York :
_bPocket books,
_c1953.
300 _a386 p.
942 _cBK
_2ddc